[Event "European Blitz 2014"]
[Site "Wroclaw POL"]
[Date "2014.12.19"]
[Round "2.1"]
[White "Bortnyk, Olexandr"]
[Black "Meylan, Andre"]
[Result "1-0"]
[WhiteTitle "IM"]
[WhiteElo "2533"]
[BlackElo "2161"]
[WhiteFideId "14120828"]
[BlackFideId "1301225"]
[EventDate "2014.12.19"]

1. e4 e6 2. d4 d5 3. Nc3 Nf6 4. Bd3 c5 5. Nf3 Nc6 6. exd5 exd5 7. Qe2+ Be7 8.
dxc5 O-O 9. Bg5 Re8 10. O-O-O Bxc5 11. Bxf6 gxf6 12. Qd2 Bf8 13. Nxd5 Be6 14.
Nc3 Qa5 15. Qf4 Ne5 16. Nxe5 Qxe5 17. Qxe5 fxe5 18. Rhe1 Bg4 19. f3 Bh5 20. Nd5
Bg7 21. Nc7 1-0

[Event "European Blitz 2014"]
[Site "Wroclaw POL"]
[Date "2014.12.19"]
[Round "2.1"]
[White "Polok, Kacper"]
[Black "Ragger, Markus"]
[Result "0-1"]
[BlackTitle "GM"]
[WhiteElo "2228"]
[BlackElo "2651"]
[WhiteFideId "1137158"]
[BlackFideId "1610856"]
[EventDate "2014.12.19"]

1. e4 e5 2. Nf3 Nc6 3. Nc3 Nf6 4. Nxe5 Nxe5 5. d4 Ng6 6. e5 Bb4 7. exf6 Qxf6 8.
Bc4 O-O 9. O-O Bxc3 10. bxc3 d6 11. Rb1 b6 12. Bd5 Rb8 13. Re1 Bd7 14. Qd3 a5
15. Qg3 Rfe8 16. Bg5 Qf5 17. h4 Qxd5 0-1

[Event "European Blitz 2014"]
[Site "Wroclaw POL"]
[Date "2014.12.19"]
[Round "2.2"]
[White "Korobov, Anton"]
[Black "Brendel, Oliver"]
[Result "1-0"]
[WhiteTitle "GM"]
[BlackTitle "IM"]
[WhiteElo "2693"]
[BlackElo "2348"]
[WhiteFideId "14105730"]
[BlackFideId "4602048"]
[EventDate "2014.12.19"]

1. d4 Nf6 2. c4 g6 3. Nc3 d5 4. cxd5 Nxd5 5. e4 Nxc3 6. bxc3 Bg7 7. Bc4 c5 8.
Ne2 O-O 9. O-O Nc6 10. Be3 Qc7 11. Rc1 Rd8 12. Bf4 Qd7 13. d5 Na5 14. Bd3 c4 15.
Bc2 e6 16. dxe6 fxe6 17. Bg5 Qxd1 18. Rfxd1 Re8 19. Ba4 Nc6 20. Nd4 Bd7 21. Nb5
Ne5 22. Rxd7 Nxd7 23. Nc7 Nf6 24. Bxf6 Bxf6 25. Nxe8 Be5 26. g3 g5 27. h4 a6 28.
Bd7 Rd8 29. Bxe6+ Kf8 30. hxg5 Kxe8 31. Bxc4 Rc8 32. Bd5 b5 33. c4 b4 34. c5 a5
35. Bb3 Ke7 36. Kg2 Bc3 37. Rh1 Rxc5 38. Rxh7+ Kd6 39. f4 Bd4 40. e5+ Kc6 41. g6 1-0

[Event "European Blitz 2014"]
[Site "Wroclaw POL"]
[Date "2014.12.19"]
[Round "2.2"]
[White "Pedini, Dario"]
[Black "Savchenko, Boris"]
[Result "0-1"]
[BlackTitle "GM"]
[WhiteElo "2251"]
[BlackElo "2599"]
[WhiteFideId "824623"]
[BlackFideId "4147332"]
[EventDate "2014.12.19"]

1. e4 e6 2. d4 d5 3. e5 c5 4. c3 Bd7 5. Nf3 Qb6 6. a3 c4 7. Nbd2 Qc7 8. Be2 Ne7
9. O-O Nbc6 10. Qc2 f6 11. Re1 fxe5 12. dxe5 Ng6 13. b3 cxb3 14. Nxb3 Ncxe5 15.
Nbd4 Bd6 16. g3 O-O 17. Ng5 Rae8 18. f4 Bc5 0-1

[Event "European Blitz 2014"]
[Site "Wroclaw POL"]
[Date "2014.12.19"]
[Round "2.2"]
[White "Riazantsev, Alexander"]
[Black "Gajic, Mladen"]
[Result "1-0"]
[WhiteTitle "GM"]
[WhiteElo "2684"]
[BlackElo "2210"]
[WhiteFideId "4125029"]
[BlackFideId "1709178"]
[EventDate "2014.12.19"]

1. d4 Nf6 2. c4 c5 3. d5 e6 4. Nc3 exd5 5. cxd5 d6 6. Nf3 g6 7. Bf4 Bg7 8. Qa4+
Bd7 9. Qb3 Qc7 10. h3 O-O 11. e3 Na6 12. Nd2 Nh5 13. Bh2 f5 14. Be2 Nf6 15. O-O
Rab8 16. Bb5 Ne8 17. Nc4 Nb4 18. Rfd1 Kh8 19. a3 Na6 20. Bxd7 Qxd7 21. Nb5 Rf6
22. Rac1 h6 23. Rd2 b6 24. Bg3 Nac7 25. Nxa7 Ra8 26. Nc6 Nxd5 27. Rxd5 Qxc6 28.
Rcd1 b5 29. Nxd6 Nxd6 30. Rxd6 Rxd6 31. Rxd6 Qe4 32. Qxb5 g5 33. Qc6 Qb1+ 34.
Kh2 Rb8 35. Rxh6+ 1-0

[Event "European Blitz 2014"]
[Site "Wroclaw POL"]
[Date "2014.12.19"]
[Round "2.2"]
[White "Nasuta, Grzegorz"]
[Black "Navara, David"]
[Result "0-1"]
[WhiteTitle "FM"]
[BlackTitle "GM"]
[WhiteElo "2351"]
[BlackElo "2727"]
[WhiteFideId "1141686"]
[BlackFideId "309095"]
[EventDate "2014.12.19"]

1. e4 c6 2. d4 d5 3. Nc3 dxe4 4. Nxe4 Bf5 5. Ng3 Bg6 6. h4 h6 7. Nf3 Nd7 8. h5
Bh7 9. Bd3 Bxd3 10. Qxd3 e6 11. Bd2 Ngf6 12. O-O-O Be7 13. Kb1 O-O 14. Ne4 c5
15. g4 Nxg4 16. Qe2 Qc8 17. Ne5 Ndxe5 18. dxe5 f5 19. exf6 Nxf6 20. Rdg1 Qc6 21.
Bxh6 Nxe4 22. f3 Bf6 23. fxe4 Bd4 24. Rg6 Rf7 25. Qg4 Raf8 26. a3 Qb5 27. c3
Bxc3 28. Qg2 Rf2 29. Rxg7+ Kh8 30. Rg8+ Rxg8 31. Qxf2 Qd3+ 32. Ka1 Qxe4 33. Rc1
Bd4 34. Qe1 Qg2 35. Rb1 Qh3 36. Bf4 Qxa3# 0-1

[Event "European Blitz 2014"]
[Site "Wroclaw POL"]
[Date "2014.12.19"]
[Round "2.2"]
[White "Vitiugov, Nikita"]
[Black "Gumula, Daniel"]
[Result "1-0"]
[WhiteTitle "GM"]
[BlackTitle "FM"]
[WhiteElo "2738"]
[BlackElo "2248"]
[WhiteFideId "4152956"]
[BlackFideId "1123122"]
[EventDate "2014.12.19"]

1. d4 g6 2. e4 Bg7 3. Nc3 c6 4. g3 d5 5. e5 Nh6 6. Bg2 f6 7. f4 Na6 8. Nce2 Nc7
9. Nf3 O-O 10. O-O Bf5 11. Nh4 Be6 12. c3 Qd7 13. Be3 Bh3 14. Qd2 Bxg2 15. Kxg2
Nf5 16. Nf3 Nxe3+ 17. Qxe3 fxe5 18. fxe5 Ne6 19. h4 h5 20. Nh2 Kh7 21. Qd3 Bh6
22. Rf3 Rxf3 23. Nxf3 Rf8 24. Rf1 Ng7 25. Ng5+ Bxg5 26. Rxf8 Bh6 27. Rf7 Qe6 28.
Qf3 Kg8 29. Rf8+ Kh7 30. Qf7 Qxf7 31. Rxf7 1-0

[Event "European Blitz 2014"]
[Site "Wroclaw POL"]
[Date "2014.12.19"]
[Round "2.2"]
[White "Krasenkova, Ilena"]
[Black "Shimanov, Aleksandr"]
[Result "0-1"]
[WhiteTitle "WIM"]
[BlackTitle "GM"]
[WhiteElo "2090"]
[BlackElo "2591"]
[WhiteFideId "4119037"]
[BlackFideId "4198603"]
[EventDate "2014.12.19"]

1. d4 d6 2. c4 f5 3. Nc3 Nf6 4. Bg5 Nbd7 5. e3 g6 6. Nf3 Bg7 7. Bd3 O-O 8. O-O
e5 9. dxe5 dxe5 10. Bc2 c6 11. Qe2 h6 12. Bxf6 Qxf6 13. Rad1 g5 14. a3 a5 15. c5
Nxc5 16. Qc4+ Ne6 17. Rd6 Qe7 18. Rfd1 Kh8 19. b4 axb4 20. axb4 g4 21. Ne1 Nd4
22. Qc5 Ne6 23. Qc4 Ng5 24. b5 Nf7 25. R6d2 Be6 26. Qd3 e4 27. Qe2 Bxc3 28. bxc6
bxc6 29. Rd4 Bxd4 30. Rxd4 Rfd8 31. Rxd8+ Rxd8 32. Ba4 Qb4 33. Bxc6 Bc4 0-1

[Event "European Blitz 2014"]
[Site "Wroclaw POL"]
[Date "2014.12.19"]
[Round "2.2"]
[White "Edouard, Romain"]
[Black "Dorner, Matthias"]
[Result "1-0"]
[WhiteTitle "GM"]
[BlackTitle "FM"]
[WhiteElo "2659"]
[BlackElo "2204"]
[WhiteFideId "633429"]
[BlackFideId "4602927"]
[EventDate "2014.12.19"]

1. Nf3 c6 2. c4 d5 3. e3 Nf6 4. b3 Bf5 5. Bb2 e6 6. Nc3 Nbd7 7. Be2 h6 8. O-O
Bd6 9. d3 O-O 10. e4 Bh7 11. Nd2 Bc5 12. Kh1 dxe4 13. Ndxe4 Nxe4 14. Nxe4 Bxe4
15. dxe4 Nf6 16. Qc2 Qb6 17. e5 Nd7 18. Rad1 Rfd8 19. f4 Nf8 20. f5 Bd4 21. fxe6
Nxe6 22. Bh5 g6 23. Bxg6 fxg6 24. Qxg6+ Ng7 25. Rf7 Bxe5 26. Rxg7+ Bxg7 1-0

[Event "European Blitz 2014"]
[Site "Wroclaw POL"]
[Date "2014.12.19"]
[Round "2.2"]
[White "Jancovic, Peter"]
[Black "Matlakov, Maxim"]
[Result "0-1"]
[BlackTitle "GM"]
[WhiteElo "2171"]
[BlackElo "2695"]
[WhiteFideId "14913321"]
[BlackFideId "4168003"]
[EventDate "2014.12.19"]

1. d4 Nf6 2. c4 e6 3. Nf3 b6 4. g3 Bb7 5. Bg2 Be7 6. O-O O-O 7. Nc3 Ne4 8. Qc2
Nxc3 9. Qxc3 c5 10. dxc5 bxc5 11. Rd1 d6 12. Qc2 Qc7 13. Bg5 Nc6 14. Bxe7 Qxe7
15. e3 Rad8 16. a3 a5 17. Rab1 h6 18. Nd2 Ne5 19. Ne4 f5 20. Nd2 Bxg2 21. Kxg2
Qb7+ 22. Kg1 g5 23. f4 Ng4 24. Qd3 Qc6 25. h3 Nf6 26. Qe2 Kf7 27. b4 axb4 28.
axb4 cxb4 29. Rxb4 gxf4 30. gxf4 Rg8+ 31. Kh2 Rb8 32. Rdb1 Rxb4 33. Rxb4 Ra8 34.
Qf3 Qxf3 35. Nxf3 Ra2+ 36. Kg1 Ne4 37. Nd4 Ra3 38. Rb3 Ra1+ 39. Kg2 Ra2+ 40. Kg1
Nd2 41. Rb7+ Kf6 42. Rb6 Nxc4 43. Rc6 Ra4 44. Kf2 Ke7 45. Rc7+ Kf6 46. Rc6 e5
47. Nf3 exf4 48. exf4 Ke6 49. Rc8 Kd5 50. Rf8 Ra2+ 51. Ke1 Ne3 52. Rf6 Ke4 53.
Nd2+ Kxf4 54. Rxd6 Kg3 55. Rxh6 f4 56. h4 Ng2+ 57. Kd1 Ne3+ 58. Ke1 f3 59. Rg6+
Ng4 60. Nxf3 Kxf3 61. h5 Ne3 62. Rf6+ Ke4 63. h6 Rh2 64. Re6+ Kd3 65. Rd6+ Ke4
66. Re6+ Kf4 67. Rf6+ Ke5 68. Rg6 Nf5 69. Kf1 Kf4 70. Rf6 Kg5 71. Ra6 Nxh6 72.
Ra5+ Nf5 73. Kg1 Rb2 74. Kf1 Kf4 75. Ra4+ Kf3 76. Ra8 0-1

[Event "European Blitz 2014"]
[Site "Wroclaw POL"]
[Date "2014.12.19"]
[Round "2.2"]
[White "Kovalenko, Igor"]
[Black "Paszewski, Mateusz"]
[Result "1-0"]
[WhiteTitle "GM"]
[WhiteElo "2653"]
[BlackElo "2191"]
[WhiteFideId "14117908"]
[BlackFideId "1141058"]
[EventDate "2014.12.19"]

1. d4 d5 2. c4 c6 3. Nc3 Nf6 4. Nf3 e6 5. e3 Nbd7 6. Qc2 Bd6 7. b3 Qe7 8. Bb2
O-O 9. h3 dxc4 10. Bxc4 e5 11. g4 exd4 12. Nxd4 Ne5 13. Be2 Ba3 14. O-O-O a5 15.
Kb1 Bxb2 16. Qxb2 Ng6 17. Rhg1 Ne4 18. Nf5 Nxc3+ 19. Qxc3 Qe5 20. Qxe5 Nxe5 21.
Nd6 Rd8 22. Nc4 Nxc4 23. Rxd8# 1-0

[Event "European Blitz 2014"]
[Site "Wroclaw POL"]
[Date "2014.12.19"]
[Round "2.2"]
[White "Meylan, Andre"]
[Black "Bortnyk, Olexandr"]
[Result "0-1"]
[BlackTitle "IM"]
[WhiteElo "2161"]
[BlackElo "2533"]
[WhiteFideId "1301225"]
[BlackFideId "14120828"]
[EventDate "2014.12.19"]

1. e4 Nf6 2. e5 Nd5 3. d4 d6 4. c4 Nb6 5. exd6 exd6 6. Nc3 Be7 7. Bd3 Nc6 8.
Nge2 Bg4 9. Be3 O-O 10. b3 Bf6 11. f3 Re8 12. Qd2 Bh4+ 13. Bf2 Bxf2+ 14. Kxf2
Bh5 15. Qf4 Nb4 16. Bb1 Bg6 17. Bxg6 hxg6 18. Qd2 c5 19. a3 Nc6 20. dxc5 dxc5
21. Rad1 Qh4+ 22. g3 Qf6 23. Qf4 Na5 24. Qxf6 gxf6 25. Nd5 Nxd5 26. Rxd5 b6 27.
Rd3 Kg7 28. Rhd1 Re5 29. Nf4 Rh8 30. h4 g5 31. hxg5 fxg5 32. Ng2 Rhe8 33. R1d2
Nc6 34. f4 gxf4 35. gxf4 Re4 36. Rg3+ Kf8 37. Rg4 Nd4 38. Nh4 Re2+ 39. Rxe2
Rxe2+ 40. Kg3 Re3+ 41. Kg2 Rxb3 42. f5 Rxa3 43. f6 Rc3 44. Rg7 Rxc4 45. Rh7 Ke8
46. Rh8+ Kd7 47. Rh7 Ke6 0-1

[Event "European Blitz 2014"]
[Site "Wroclaw POL"]
[Date "2014.12.19"]
[Round "2.2"]
[White "Ragger, Markus"]
[Black "Polok, Kacper"]
[Result "0-1"]
[WhiteTitle "GM"]
[WhiteElo "2651"]
[BlackElo "2228"]
[WhiteFideId "1610856"]
[BlackFideId "1137158"]
[EventDate "2014.12.19"]

1. d4 e6 2. c4 f5 3. Nf3 Nf6 4. g3 c6 5. Bg2 d5 6. O-O Bd6 7. b3 Qe7 8. Bb2 O-O
9. Qc1 Nbd7 10. Ba3 b6 11. Bxd6 Qxd6 12. Qf4 Qe7 13. Qc7 Ba6 14. Qxc6 dxc4 15.
Qa4 cxb3 16. axb3 Bb7 17. Nc3 a6 18. Rfc1 Rac8 19. Qa2 Rc7 20. Na4 Rfc8 21. Rxc7
Rxc7 22. Ne1 Bxg2 23. Kxg2 Nd5 24. e3 Qd6 25. Nd3 Nb4 26. Qd2 Qd5+ 27. Kg1 Nxd3
28. Qxd3 a5 29. Nb2 Nf6 30. Nc4 Ne4 31. h4 g5 32. Nxb6 Qc6 33. Nc4 gxh4 34. Ne5
Qb7 35. f3 Rc3 36. Qd1 Ng5 37. gxh4 Nf7 38. Nxf7 Kxf7 39. Kf2 Rxb3 40. Rxa5 Rb2+
41. Kg3 Qc7+ 42. f4 Qxa5 43. Qh5+ Ke7 44. Kh3 Qd5 0-1

[Event "European Blitz 2014"]
[Site "Wroclaw POL"]
[Date "2014.12.19"]
[Round "3.1"]
[White "Korobov, Anton"]
[Black "Klekowski, Maciej"]
[Result "1-0"]
[WhiteTitle "GM"]
[WhiteElo "2693"]
[BlackElo "2418"]
[WhiteFideId "14105730"]
[BlackFideId "1132717"]
[EventDate "2014.12.19"]

1. d4 Nf6 2. c4 e6 3. Nc3 Bb4 4. e3 O-O 5. Bd3 d5 6. a3 Be7 7. Nf3 b6 8. O-O Bb7
9. b4 dxc4 10. Bxc4 Nbd7 11. Bb2 c5 12. dxc5 bxc5 13. b5 Nb6 14. Be2 Qc7 15. a4
Rad8 16. Qc2 Bd6 17. h3 h6 18. a5 Nbd5 19. Nxd5 Nxd5 20. Rfd1 f5 21. Ra4 Qf7 22.
Ne5 Bxe5 23. Bxe5 Qg6 24. Bf1 Nb4 25. Qe2 Be4 26. Ra3 Rxd1 27. Qxd1 c4 28. Qd7
Nd3 29. Bd6 Rf7 30. Qc8+ Kh7 31. Qxc4 Ne1 32. Bg3 Rd7 33. Ra1 Nd3 34. b6 axb6
35. axb6 e5 36. Ra7 Rd8 37. Qc7 Re8 38. Bxd3 Bxd3 39. Bxe5 1-0

[Event "European Blitz 2014"]
[Site "Wroclaw POL"]
[Date "2014.12.19"]
[Round "3.1"]
[White "Warakomski, Tomasz"]
[Black "Savchenko, Boris"]
[Result "0-1"]
[WhiteTitle "IM"]
[BlackTitle "GM"]
[WhiteElo "2456"]
[BlackElo "2599"]
[WhiteFideId "1124552"]
[BlackFideId "4147332"]
[EventDate "2014.12.19"]

1. e4 e6 2. d4 d5 3. Nd2 c5 4. exd5 exd5 5. Ngf3 Nf6 6. Bb5+ Bd7 7. Bxd7+ Nbxd7
8. O-O Be7 9. dxc5 Nxc5 10. Nb3 Nce4 11. Nfd4 Nd6 12. Re1 O-O 13. Bg5 Re8 14.
Qf3 Nde4 15. Bf4 Rc8 16. c3 Qb6 17. Nf5 Bf8 18. Be3 Qe6 19. Nbd4 Qa6 20. h3 b5
21. Nc2 Qb7 22. Bd4 Re6 23. Nce3 Rce8 24. Red1 g6 25. Ng3 Bh6 26. Ng4 Nxg4 27.
Qxg4 a5 28. Nf5 Bf8 29. Ne3 f5 30. Nxf5 h5 31. Qf4 gxf5 32. Qxf5 Qf7 33. Qxd5
Rg6 34. Qxb5 Bd6 35. Qb3 Ree6 36. Re1 Qf4 37. g3 Kf7 38. Re2 Nxg3 39. Qb7+ Kg8
40. fxg3 Rxe2 41. Qd5+ Qf7 42. Qxf7+ Kxf7 0-1

[Event "European Blitz 2014"]
[Site "Wroclaw POL"]
[Date "2014.12.19"]
[Round "3.1"]
[White "Krzyzanowski, Marcin"]
[Black "Navara, David"]
[Result "0-1"]
[WhiteTitle "IM"]
[BlackTitle "GM"]
[WhiteElo "2400"]
[BlackElo "2727"]
[WhiteFideId "1132199"]
[BlackFideId "309095"]
[EventDate "2014.12.19"]

1. e4 c5 2. Nf3 e6 3. d4 cxd4 4. Nxd4 Nc6 5. Nc3 a6 6. Be3 Nf6 7. Bd3 Qc7 8.
Nxc6 bxc6 9. O-O d5 10. Qe2 Be7 11. f4 O-O 12. e5 Nd7 13. b3 c5 14. Nd1 a5 15.
Nf2 a4 16. c4 axb3 17. axb3 Bb7 18. Rac1 Ra3 19. f5 dxc4 20. Bxc4 Nxe5 21. fxe6
f5 22. Bf4 Qc6 23. Nh3 Nxc4 24. Rxc4 Ba6 25. Bg5 Bxc4 26. Qxc4 Ra7 27. Bxe7 Rxe7
28. Nf4 Rd8 29. Re1 Rd4 30. Qc1 Qd6 31. Ne2 Re4 32. Rd1 Qxe6 33. Nf4 Re1+ 34.
Kf2 Rxd1 0-1

[Event "European Blitz 2014"]
[Site "Wroclaw POL"]
[Date "2014.12.19"]
[Round "3.1"]
[White "Bernotas, Arturs"]
[Black "Shimanov, Aleksandr"]
[Result "0-1"]
[BlackTitle "GM"]
[WhiteElo "2272"]
[BlackElo "2591"]
[WhiteFideId "11601426"]
[BlackFideId "4198603"]
[EventDate "2014.12.19"]

1. e4 Nf6 2. e5 Nd5 3. c4 Nb6 4. d4 d6 5. exd6 exd6 6. Nc3 Be7 7. Bd3 O-O 8.
Nge2 Bf6 9. O-O Nc6 10. Be3 Re8 11. Qd2 d5 12. c5 Nc4 13. Bxc4 dxc4 14. Rfd1 Bf5
15. Nf4 Nb4 16. a3 Nc2 17. Rac1 Nxd4 18. Ncd5 Nb3 19. Qb4 Nxc1 20. Nxf6+ Qxf6 0-1

[Event "European Blitz 2014"]
[Site "Wroclaw POL"]
[Date "2014.12.19"]
[Round "3.1"]
[White "Edouard, Romain"]
[Black "Konopka, Michal"]
[Result "1-0"]
[WhiteTitle "GM"]
[BlackTitle "IM"]
[WhiteElo "2659"]
[BlackElo "2418"]
[WhiteFideId "633429"]
[BlackFideId "308633"]
[EventDate "2014.12.19"]

1. d4 Nf6 2. g3 d5 3. Bg2 g6 4. c4 c6 5. e3 Bg7 6. Ne2 O-O 7. O-O e6 8. b3 Nbd7
9. Nbc3 b6 10. Ba3 Re8 11. Rc1 Bb7 12. Nf4 dxc4 13. bxc4 e5 14. Nd3 exd4 15.
exd4 Qc8 16. f4 c5 17. d5 Nf8 18. Ne5 N6d7 19. Nc6 Nb8 20. Qf3 Ne6 21. Nb5 Bxc6
22. dxc6 Nd4 23. Qd5 Nbxc6 24. Nd6 Qe6 25. Nxe8 Rxe8 26. Qxe6 Rxe6 27. Bd5 Re2
28. Rce1 Rxa2 29. Re8+ Bf8 30. Bc1 Ne2+ 31. Rxe2 Rxe2 32. Bxc6 Bg7 33. f5 Bd4+
34. Kh1 Kg7 35. fxg6 hxg6 36. Bf4 a5 37. Rb1 Rc2 38. Rxb6 Rxc4 39. Rb7 Rb4 40.
Ra7 Rb6 41. Bd5 Rf6 42. Rxa5 1-0

[Event "European Blitz 2014"]
[Site "Wroclaw POL"]
[Date "2014.12.19"]
[Round "3.1"]
[White "Butkiewicz, Lukasz"]
[Black "Matlakov, Maxim"]
[Result "1/2-1/2"]
[WhiteTitle "IM"]
[BlackTitle "GM"]
[WhiteElo "2422"]
[BlackElo "2695"]
[WhiteFideId "1122428"]
[BlackFideId "4168003"]
[EventDate "2014.12.19"]

1. e4 c5 2. Nf3 e6 3. d4 cxd4 4. Nxd4 Nc6 5. Nc3 Qc7 6. Be3 a6 7. Be2 b5 8. Nxc6
dxc6 9. O-O Bb7 10. a4 Rd8 11. Qc1 Nf6 12. axb5 cxb5 13. f3 Bd6 14. g3 O-O 15.
Kg2 Be5 16. Nd1 h5 17. Bg5 Rc8 18. Bd3 Nd7 19. Nf2 Nc5 20. Bf4 Nxd3 21. cxd3
Qxc1 22. Bxc1 Rc2 23. Rb1 Bd4 24. b4 f5 25. Bg5 fxe4 26. dxe4 Kh7 27. Rbd1 e5
28. Rd2 Rfc8 29. Rfd1 Kg6 30. h4 R8c4 31. Rxc2 Rxc2 32. Rd2 Rc4 33. Be7 Kf7 34.
Bd6 Ke6 35. Bf8 g6 36. Nd3 Kf7 37. Bd6 Ke6 38. Bf8 Bc8 39. Bc5 Bc3 40. Ra2 Kf6
41. Bf8 Bd4 42. Bc5 Rc3 43. Bxd4 exd4 44. Nc5 d3 45. Kf2 Rc2+ 46. Rxc2 dxc2 47.
Nd3 Be6 48. Ke3 Bc4 49. Nc1 g5 50. hxg5+ Kxg5 51. Kd2 Bf1 52. Ke3 Kf6 53. Kf2
Bc4 54. Ke3 1/2-1/2

[Event "European Blitz 2014"]
[Site "Wroclaw POL"]
[Date "2014.12.19"]
[Round "3.1"]
[White "Kovalenko, Igor"]
[Black "Bartel, Marta"]
[Result "1-0"]
[WhiteTitle "GM"]
[BlackTitle "WGM"]
[WhiteElo "2653"]
[BlackElo "2366"]
[WhiteFideId "14117908"]
[BlackFideId "1123009"]
[EventDate "2014.12.19"]

1. d4 f5 2. c4 Nf6 3. Nc3 d6 4. g3 g6 5. Bg2 Bg7 6. Nf3 O-O 7. O-O c6 8. b3 Na6
9. Bb2 Nc7 10. Rc1 d5 11. Qc2 h6 12. e3 Be6 13. Na4 Ne4 14. Ne5 Na6 15. Nxg6 Re8
16. Qe2 Bf7 17. Nf4 Rc8 18. Rfd1 Qd7 19. Nc3 Nc7 20. Bh3 e6 21. Nxe4 dxe4 22. f3
exf3 23. Qxf3 Qe7 24. Nd3 Qg5 25. Qf4 Qh5 26. Bg2 Na6 27. Bc3 Nb8 28. Bf3 Qg5
29. h4 Qg6 30. Ne5 Bxe5 31. dxe5 Rcd8 32. Rd6 Na6 33. Rcd1 Rc8 34. b4 Nc7 35.
Kf2 Rf8 1-0

[Event "European Blitz 2014"]
[Site "Wroclaw POL"]
[Date "2014.12.19"]
[Round "3.1"]
[White "Sieciechowicz, Marcin"]
[Black "Bortnyk, Olexandr"]
[Result "0-1"]
[WhiteTitle "IM"]
[BlackTitle "IM"]
[WhiteElo "2447"]
[BlackElo "2533"]
[WhiteFideId "1130170"]
[BlackFideId "14120828"]
[EventDate "2014.12.19"]

1. d4 d6 2. e4 Nf6 3. Nc3 Nbd7 4. Nf3 e5 5. Be2 Be7 6. O-O O-O 7. h3 c6 8. Be3
b5 9. a3 Bb7 10. Qd2 a6 11. Rad1 Re8 12. dxe5 dxe5 13. Nh2 Nc5 14. f3 Ne6 15.
Ng4 Nxg4 16. hxg4 Nd4 17. Bd3 c5 18. Qf2 Rc8 19. Nd5 Bd6 20. c3 Ne6 21. Bb1 c4
22. Rd2 Bxd5 23. Rxd5 Qe7 24. Rfd1 Rc6 25. a4 bxa4 26. Qc2 Bc5 27. Qf2 Bxe3 28.
Qxe3 Rb8 29. Qd2 Rcb6 30. Rd7 Qc5+ 31. Kh1 Rxb2 32. Qd5 Qxd5 33. exd5 Nc5 34.
Rc7 Rxb1 35. Rxb1 Rxb1+ 36. Kh2 Kf8 37. Rxc5 Rb5 38. Rxc4 Ra5 39. d6 Ke8 40. Rb4
a3 41. Rb1 a2 42. Ra1 Kd7 43. Kg3 Kxd6 44. Kf2 Kc5 45. Ke3 Kc4 46. Kd2 Kb3 0-1

[Event "European Blitz 2014"]
[Site "Wroclaw POL"]
[Date "2014.12.19"]
[Round "3.1"]
[White "Fargere, Francois"]
[Black "Inarkiev, Ernesto"]
[Result "1/2-1/2"]
[WhiteTitle "GM"]
[BlackTitle "GM"]
[WhiteElo "2418"]
[BlackElo "2680"]
[WhiteFideId "615935"]
[BlackFideId "4162722"]
[EventDate "2014.12.19"]

1. e4 e5 2. Nf3 Nc6 3. Bb5 a6 4. Bxc6 dxc6 5. O-O Be7 6. d3 Bf6 7. Nbd2 Ne7 8.
Nc4 Ng6 9. Bd2 Be6 10. b3 b6 11. Bc3 Bxc4 12. bxc4 Qd6 13. a4 a5 14. Bd2 Nf8 15.
Be3 Ne6 16. Qd2 Be7 17. Rfd1 f6 18. Nh4 g6 19. g3 Qd7 20. Ng2 Bc5 21. Rf1 O-O-O
22. Kh1 h5 23. Rab1 g5 24. Qe2 Rdf8 25. Ne1 f5 26. exf5 Rxf5 27. Nf3 Qg7 28. Nd2
g4 29. Ne4 Bxe3 30. fxe3 Rxf1+ 31. Rxf1 h4 32. gxh4 Rxh4 33. Qf2 Qh6 34. Qg3 Kb7
35. Rf7 Ng5 36. Nxg5 Qxg5 37. Rf2 Rh3 38. Qg2 Rxe3 39. c5 Re1+ 40. Rf1 Rxf1+ 41.
Qxf1 Qe3 42. cxb6 cxb6 43. Qf7+ Ka6 44. Qc4+ Ka7 45. Qf7+ Kb8 46. Qe8+ Kb7 47.
Qf7+ Ka6 48. Qc4+ Kb7 49. Qf7+ Ka6 50. Qc4+ Kb7 51. Qf7+ Ka6 52. Qc4+ Kb7 53.
Qf7+ Ka6 1/2-1/2

[Event "European Blitz 2014"]
[Site "Wroclaw POL"]
[Date "2014.12.19"]
[Round "3.1"]
[White "Anton Guijarro, David"]
[Black "Gergacz, Attila"]
[Result "1-0"]
[WhiteTitle "GM"]
[BlackTitle "IM"]
[WhiteElo "2608"]
[BlackElo "2352"]
[WhiteFideId "2285525"]
[BlackFideId "730157"]
[EventDate "2014.12.19"]

1. e4 e6 2. d4 d5 3. Nd2 Nf6 4. e5 Nfd7 5. f4 c5 6. c3 Nc6 7. Ndf3 a5 8. Bd3 a4
9. a3 Nb6 10. Ne2 Nc4 11. O-O g6 12. Kh1 h5 13. Qc2 Ne7 14. dxc5 Nf5 15. Bxc4
dxc4 16. Rd1 Qc7 17. Ned4 Bd7 18. Nxf5 gxf5 19. Be3 Bc6 20. Ng5 h4 21. h3 Be7
22. Rd6 Bxd6 23. cxd6 Qa5 24. Qf2 Qd5 25. Bd4 Rg8 26. Rd1 Ra5 27. Rd2 Bd7 28.
Bb6 Qb5 29. Bxa5 Qxa5 30. Qxh4 Qc5 31. Nxe6 1-0

[Event "European Blitz 2014"]
[Site "Wroclaw POL"]
[Date "2014.12.19"]
[Round "3.2"]
[White "Klekowski, Maciej"]
[Black "Korobov, Anton"]
[Result "0-1"]
[BlackTitle "GM"]
[WhiteElo "2418"]
[BlackElo "2693"]
[WhiteFideId "1132717"]
[BlackFideId "14105730"]
[EventDate "2014.12.19"]

1. c4 Nf6 2. g3 g6 3. Bg2 Bg7 4. Nc3 O-O 5. d3 Nc6 6. Nf3 a6 7. O-O Rb8 8. Bd2
b5 9. b3 d6 10. Rc1 Bd7 11. h3 e5 12. Nd5 Nxd5 13. cxd5 Ne7 14. e4 c5 15. dxc6
Nxc6 16. Be3 Qa5 17. d4 exd4 18. Nxd4 Nxd4 19. Bxd4 Bxd4 20. Qxd4 Qxa2 21. b4
Rfd8 22. Rc7 Qe6 23. Rd1 Rbc8 24. Rxc8 Bxc8 25. e5 Qb3 26. exd6 Be6 27. Rc1 h5
28. Qb6 Rf8 29. Qd4 Rd8 30. Qb6 Rf8 31. Qc5 Qd3 32. Qb6 Qd2 33. Rc7 Qxb4 34. d7
Qe1+ 35. Kh2 Qd2 36. Bc6 b4 37. Rb7 b3 38. Rb8 Bxd7 39. Rxf8+ Kxf8 40. Bxd7 Qxd7
41. Qxb3 Qb5 42. Qc3 Kg8 43. Qc8+ Kh7 44. Qc7 Qb3 45. Qe5 Qa2 46. Qf6 a5 47. g4
Qe6 48. Qg5 hxg4 49. Qxa5 gxh3 50. Qg5 Kg7 51. Kg3 f6 52. Qd2 g5 53. Qc2 Kh6 54.
Qc1 Kh5 55. Qd1+ g4 56. f3 Qe5+ 57. Kf2 Qh2+ 58. Ke3 Qe5+ 59. Kf2 g3+ 0-1